Normal view MARC view
  • Mavera Mazhar Butt

Entry Personal Name

Number of records used in: 1

001 - CONTROL NUMBER

  • control field: 69892

003 - CONTROL NUMBER IDENTIFIER

  • control field: NUST

005 - DATE AND TIME OF LATEST TRANSACTION

  • control field: 20210628204323.0

008 - FIXED-LENGTH DATA ELEMENTS

  • fixed length control field: 210628|| aca||aabn | a|a d

040 ## - CATALOGING SOURCE

  • Original cataloging agency: NUST
  • Transcribing agency: NUST

100 ## - HEADING--PERSONAL NAME

  • Personal name: Mavera Mazhar Butt

670 ## - SOURCE DATA FOUND

  • Source citation: Work cat.: (NUST): Mavera Mazhar Butt, TH-SOF-1321-Classoifying Normal Sinus Rhythm and Cardiac Arrhythmias in ECG Signals Using Hybrid Feature Set From Temporal Frequency and Wavelet Domains, 2016
© 2023 Central Library, National University of Sciences and Technology. All Rights Reserved.